<?xml version="1.0" encoding="UTF-8"?>
<record
    xmlns:xsi="http://www.w3.org/2001/XMLSchema-instance"
    xsi:schemaLocation="http://www.loc.gov/MARC21/slim http://www.loc.gov/standards/marcxml/schema/MARC21slim.xsd"
    xmlns="http://www.loc.gov/MARC21/slim">

  <leader>01362    a2200217   4500</leader>
  <controlfield tag="001">62491</controlfield>
  <controlfield tag="005">20260407155918.0</controlfield>
  <controlfield tag="008">260407a1992    arg                 spa d</controlfield>
  <controlfield tag="003">AR-UNSa-BCEJYS</controlfield>
  <datafield tag="040" ind1=" " ind2=" ">
    <subfield code="a">AR-UNSa-BCEJYS</subfield>
    <subfield code="b">spa</subfield>
    <subfield code="c">AR-UNSa-BCEJYS</subfield>
  </datafield>
  <datafield tag="080" ind1=" " ind2=" ">
    <subfield code="a">351.712</subfield>
    <subfield code="x">Obras p&#xFA;blicas. Contratos, contratantes</subfield>
  </datafield>
  <datafield tag="245" ind1="1" ind2="0">
    <subfield code="a">La iniciativa privada en la concesi&#xF3;n de obra y de servicios p&#xFA;blicos</subfield>
  </datafield>
  <datafield tag="020" ind1=" " ind2=" ">
    <subfield code="a">978-950-569-038-1</subfield>
  </datafield>
  <datafield tag="264" ind1=" " ind2="1">
    <subfield code="a">Buenos Aires :</subfield>
    <subfield code="b">Abaco de Rodolfo Depalma</subfield>
    <subfield code="c">1992</subfield>
  </datafield>
  <datafield tag="300" ind1=" " ind2=" ">
    <subfield code="a">196 p.</subfield>
    <subfield code="c">23 cm.</subfield>
  </datafield>
  <datafield tag="505" ind1=" " ind2=" ">
    <subfield code="a"> 1. Introducci&#xF3;n - 2. La concesi&#xF3;n de obra p&#xFA;blica y la nueva legislaci&#xF3;n &#x2013; 3. R&#xE9;gimen legal &#x2013; 4. Concesi&#xF3;n de obra p&#xFA;blica y concesi&#xF3;n de servicios p&#xFA;blicos &#x2013; 5. El inter&#xE9;s p&#xFA;blico comprometido &#x2013; 6. Requisitos que debe contener una iniciativa particular &#x2013; 7. Procedimiento de selecci&#xF3;n del concesionario &#x2013; 8. Derechos del autor de la iniciativa declarada de inter&#xE9;s p&#xFA;blico &#x2013; 9. Convocatoria a presentaci&#xF3;n de iniciativas privadas &#x2013; 10. Breves comentarios a la legislaci&#xF3;n de la Provincia de Buenos Aires &#x2013; 11. Breves comentarios a la legislaci&#xF3;n de la provincia de Mendoza &#x2013; 12. La concesi&#xF3;n por iniciativa privada en el derecho extranjero. El caso de la ley chilena.</subfield>
  </datafield>
  <datafield tag="041" ind1=" " ind2=" ">
    <subfield code="a">spa</subfield>
  </datafield>
  <datafield tag="942" ind1=" " ind2=" ">
    <subfield code="c">BK</subfield>
  </datafield>
  <datafield tag="590" ind1=" " ind2=" ">
    <subfield code="a">niveau_biblio:m niveau_hierar:0</subfield>
  </datafield>
  <datafield tag="100" ind1="1" ind2=" ">
    <subfield code="a">Mertehikian, Eduardo</subfield>
  </datafield>
  <datafield tag="999" ind1=" " ind2=" ">
    <subfield code="c">7685</subfield>
    <subfield code="d">7685</subfield>
  </datafield>
  <datafield tag="952" ind1=" " ind2=" ">
    <subfield code="0">0</subfield>
    <subfield code="1">0</subfield>
    <subfield code="4">0</subfield>
    <subfield code="7">0</subfield>
    <subfield code="a">BCEJYS</subfield>
    <subfield code="b">BCEJYS</subfield>
    <subfield code="c">16</subfield>
    <subfield code="d">2026-04-07</subfield>
    <subfield code="l">0</subfield>
    <subfield code="o">351.712 M575</subfield>
    <subfield code="p">L58901</subfield>
    <subfield code="r">2026-04-07 15:59:18</subfield>
    <subfield code="w">2026-04-07</subfield>
    <subfield code="y">L</subfield>
  </datafield>
</record>
